logo

Bir Sreshtho Munshi Abdur Rouf Library
Jhenaidah Cadet College

পয়গম্বর: (Record no. 12461)

MARC details
000 -LEADER
fixed length control field 01010nam a2200253 a 4500
001 - CONTROL NUMBER
JCCL Control Number 12461
003 - CONTROL NUMBER IDENTIFIER
JCCL marc code BD-JhCC
005 - DATE AND TIME OF LATEST TRANSACTION
control field 20220731134024.0
008 - FIXED-LENGTH DATA ELEMENTS--GENERAL INFORMATION
fixed length control field 220219b2015 bg |||| ||a| 001 0 ben d
020 ## - INTERNATIONAL STANDARD BOOK NUMBER
International Standard Book Number 9789848471364
035 ## - SYSTEM CONTROL NUMBER
system control number (BD-JhCC)12461
040 ## - CATALOGING SOURCE
Original cataloging agency BD-JhCC
Modifying agency BD-JhCC
041 ## - LANGUAGE CODE
Language code of Book Bengali
082 ## - DEWEY DECIMAL CLASSIFICATION NUMBER
Classification number 297.63
Author mark and Year RAH 2015
100 ## - MAIN ENTRY--PERSONAL NAME
Personal name রাহনুমা,জয়নুল আবেদিন
245 ## - TITLE STATEMENT
Title পয়গম্বর:
Remainder of title মুহাম্মদ সাল্লাল্লাহ আলাহি ওয়াসাল্লাম /
Statement of responsibility, etc জয়নুল আবেদিন রাহনুমা, অনু: এম রুহুল আমিন।
260 ## - PUBLICATION, DISTRIBUTION, ETC. (IMPRINT)
Place of publication, distribution, etc ঢাকা :
Name of publisher, distributor, etc বাংলাদেশ ইনস্টিটিউট অব ইসলামিক থ্যট;
Date of publication, distribution, etc ২০১৫.
300 ## - PHYSICAL DESCRIPTION
Pagination 567 p. :
Dimensions 22 cm.
600 ## - SUBJECT ADDED ENTRY--PERSONAL NAME
Personal name Muhammad ,Prophet --632
650 ## - SUBJECT ADDED ENTRY--TOPICAL TERM
Topical term or geographic name as entry element Muslims
700 ## - ADDED ENTRY--PERSONAL NAME
Personal name আমিন,এম রুহুল
942 ## - ADDED ENTRY ELEMENTS (KOHA)
Source of classification or shelving scheme Dewey Decimal Classification
Koha item type Books
Koha issues (borrowed), all copies 2
Holdings
Source of classification or shelving scheme Damaged status Not for loan Home library Current library Shelving location Date of accession Cost, normal purchase price Total Checkouts Full call number Barcode Date last seen Date checked out Copy number Koha item type
Dewey Decimal Classification     JCC Rouf Library JCC Rouf Library General Stacks 06/10/2021 300.00 1 297.63 RAH 2015 16871 08/25/2022 07/30/2022 C-1 Books

JCC Library | Contacts | JCC Home

Last Update on 23 September 2017
Copyright @ 2017-2020 JCC Rouf Library
Rouf Library, Jhenidah Cadet College (JCC), Bangladesh